Visualizzazione normale
Vista MARC
- Haydn Franz Joseph
di Personal Name
Records bibliografici associati: 1
001 - CONTROL NUMBER
- control field: 31377
003 - CONTROL NUMBER IDENTIFIER
- control field: IT-RoPau
005 - DATE AND TIME OF LATEST TRANSACTION
- control field: 20140623120538.0
008 - FIXED-LENGTH DATA ELEMENTS
- fixed length control field: 140623|| aca||aabn | a|a d
040 ## - CATALOGING SOURCE
- Original cataloging agency: IT-RoPau
- Transcribing agency: IT-RoPau
100 ## - HEADING--PERSONAL NAME
- Personal name: Haydn Franz Joseph
- Relator term: Autore musica
- Miscellaneous information: Codice autore musica SPICS: 5572
- Name of part/section of a work: Sinfonia in do maggiore dei giocattoli
670 ## - SOURCE DATA FOUND
- Source citation: Work cat.: (IT-RoPau)103507: Prokofiev Sergiej 31374, Pierino e il lupo - Sinfonia dei giocattoli